Social issues in India : (Record no. 91961)
[ view plain ]
| 000 -LEADER | |
|---|---|
| fixed length control field | 00583nam a22001937a 4500 |
| 005 - DATE AND TIME OF LATEST TRANSACTION | |
| control field | 20150429115205.0 |
| 010 ## - LCCN (DPL NO) | |
| LC control number | ENG-112252 |
| 020 ## - INTERNATIONAL STANDARD BOOK NUMBER | |
| Terms of availability | 680.00 |
| 035 ## - SYSTEM CONTROL NUMBER | |
| System control number | EN-95784 |
| 037 ## - SOURCE OF ACQUISITION | |
| Source of stock number/acquisition | DBAD/PUB |
| 082 ## - DEWEY DECIMAL CLASSIFICATION NUMBER | |
| Classification number | 361.954 |
| 100 ## - MAIN ENTRY--PERSONAL NAME | |
| Personal name | Ashok, A. |
| 245 ## - TITLE STATEMENT | |
| Title | Social issues in India : |
| Statement of responsibility, etc | by A. Ashok [and] P.V. Lakshmaiah |
| Remainder of title | for UPSC & other competitive examinations / |
| 260 ## - PUBLICATION, DISTRIBUTION, ETC. (IMPRINT) | |
| Place of publication, distribution, etc | Hyderabad |
| Name of publisher, distributor, etc | Telugu Akademi |
| Date of publication, distribution, etc | 2013 |
| 270 ## - ADDRESS | |
| Address | Telugu Akademi |
| City | Hyderabad |
| Postal code | 500029 |
| 300 ## - PHYSICAL DESCRIPTION | |
| Extent | 852p. |
| Other physical details | 26cm(pbk) |
| 700 ## - ADDED ENTRY--PERSONAL NAME | |
| Personal name | Lakshmaiah, P.V. |
| 942 ## - ADDED ENTRY ELEMENTS (KOHA) | |
| Source of classification or shelving scheme | Dewey Decimal Classification |
| Item type | English Books |
| Call number suffix | ASH |
| Classification part | 361.954 |
| Withdrawn status | Lost status | Not for loan | Collection code | Home library | Current library | Date acquired | Source of acquisition | Cost, normal purchase price | Full call number | Barcode | Copy number | Cost, replacement price | Koha item type |
|---|---|---|---|---|---|---|---|---|---|---|---|---|---|
| Not For Loan | Non-fiction | D.B.Act.Division | D.B.Act.Division | 26/02/2015 | DBAD/PUB | 680.00 | 361.954 ASH | EN-95784 | 1 | 680.00 | English Books |
